• 首页
  • 本馆介绍
  • 公告通知
  • 最新文献
  • 馆藏检索
  • 电子资源
  • 读者导购
  • 参考咨询
  • 我的图书馆
  • 登录
  • 详细信息显示
  • 放入我的书架
  • 预约/预借图书
  • 作者相关作品
  • 分类相关作品
  • 丛书相关作品
  • 出版社相关作品

书目信息

  • 表格格式
  • 工作单格式
  • 卡片格式
书名: introduction to the physics of electronics
作者: myron f.uman.
分册号:
分册名:
出版地: NEW JERSEY :
 
出版社: prentice-hall
出版时间: 1974.
页数: 416 p. ;
开本: 23cm.
丛书名:
中图分类号:
科图分类号:
其他分类号: O46
主题词:
电子资源:
000 00394nam 2200145 a 4500
001 E0757189025
005 20070727160435.31
008 070727s1974 00010 eng
020    @a0-13-492702-8.
040    @aPFT@beng
090    @aO46
099    @dO46@ex3
245 1  @aintroduction to the physics of electronics / @cmyron f.uman.
260    @aNEW JERSEY :@bprentice-hall,@c1974.
300    @a416 p. ;@c23cm.
    
    introduction to the physics of electronics / / myron f.uman.-NEW JERSEY : : prentice-hall, , 1974.
    416 p. ; ; 23cm.
    
    
    ISBN 0-13-492702-8.
    
●
相关链接 在E读中查询图书 在五车中查询图书 在当当中查询图书 在豆瓣中查询图书


正题名:introduction to the physics of electronics     索取号:O46/x3         预约/预借

序号 登录号 条形码 馆藏地/架位号 状态 备注
1 16966   300139650   密集书库/ [索取号:O46/x3] 在馆    
唐山师范学院图书馆 欢迎您!
大连网信软件有限公司© 版权所有